000
00323 a2200145 4500
001
178515
020
_a
040
_c
Magnum
100
_a
Rachel
240
1
0
_a
Adivinhe o que estou fazendo
_l
SEM
245
1
0
_a
Adivinhe o que estou fazendo
362
0
_a
1899
697
_a
MAGNITO: MAGNITO SEM ÁREA E AS
942
_c
BK
999
_c
178515
_d
178515